000 00911nam a2200229Ii 4500
003 JO-AjNU
008 230605s9999||||xx |||||||||||||| ||und||
017 _a2019/1/406
020 _a978-9957-92-208-5
040 _aJO-AjNU
_bara
_erda
_cJO-AjNU
041 _aara
050 1 4 _aHV1568.3.Z873.2019
100 3 _aالزريقات، ابراهيم عبدالله,
_eauthor
_960644
245 0 0 _aمهارات الحياة للاشخاص ذوي الاعاقة: الاعتبارات الاساسية واجراءات التدخل=LIFE SKILLS FOR PERSONS WITH DISABILITY
250 _aط1
264 3 1 _aعمان: دار الفكر ناشرون وموزعون، 2019
300 _a687ص
336 _atext
_btxt
_2rdacontent
337 _aunmediated
_bn
_2rdamedia
338 _avolume
_bnc
_2rdacarrier
650 4 _aالتربية الخاصة-مهارات الاتصال-التعلم-المعوقون
_960645
999 _aA27358
_c30926
_d30926